| 000 | 00538nam a2200205Ia 4500 | ||
|---|---|---|---|
| 008 | 170918s9999 xx 000 0 und d | ||
| 020 | _a9780439557160 | ||
| 050 | _bT365 2003 | ||
| 100 | _aThaler, Mike | ||
| 245 | 4 | _aThe class election from the black lagoon / | |
| 245 | _cby Mike Thaler ; illustrated by Jared Lee. | ||
| 260 | _aNew York : | ||
| 260 | _bScholastic, | ||
| 260 | _c2003 | ||
| 300 | _a64 pages : | ||
| 300 | _bcolored illustration ; | ||
| 300 | _c19cm. | ||
| 440 | _aBlack lagoon adventures. | ||
| 500 | _a380 | ||
| 999 |
_c342760 _d342760 |
||